000 00274nam a22001217a 4500
003 OSt
008 220526b ||||| |||| 00| 0 eng d
100 _aKHARATE,G.K.
245 _aDigital Electronics
260 _aNew Delhi
_bOxford
_c2014
300 _a667
942 _2ddc
_cBK
999 _c11265
_d11265